[Event "Runavik Open 2018"]
[Site "Runavik"]
[Date "2018.11.14"]
[Round "3"]
[White "Kjartansson, Gudmundur"]
[Black "Nielsen, Hogni Egilstoft"]
[Result "1/2-1/2"]
[WhiteElo "2423"]
[BlackElo "2400"]
[Annotator "TA"]
[PlyCount "89"]
[EventDate "2018.11.12"]
[EventType "swiss"]
[EventCountry "FAI"]
[SourceTitle "playchess.com"]
[Source "ChessBase"]
[SourceQuality "1"]

{[%evp 18,89,19,0,6,3,25,19,29,15,27,0,0,0,0,0,0,0,0,0,0,-29,17,-73,-47,-56,0,-15,3,0,25,20,15,19,141,152,109,137,143,137,113,-88,-52,-199,-214,-536,-509,-469,-238,-210,-135,-321,-208,-381,-363,-385,-376,-341,-250,-274,-188,-190,-138,-186,0,0,0,0,8,8,36,0,0,0]} 1. d4 Nf6 2. c4 e6 3. Nf3 b6 4. a3 Bb7 5. Bf4 Be7 6. Nc3 d5 7. cxd5 exd5 8. e3 O-O 9. Rc1 {E12: Damenindisch (Petrosjan-System und 4. oder 5.Lg5)} (9. Bd3 c5 10. h3 Nbd7 11. O-O Ne4 12. Qc2 Rc8 13. Rfd1 Ndf6 14. dxc5 Nxc3 15. bxc3 Rxc5 16. Be5 g6 17. a4 Nd7 {½-½ (54) Moiseenko,A (2663)-Neverov,V (2498) Gjakova 2016}) 9... c5 10. Bd3 {LiveBook: 5 Partien} c4 11. Bb1 a6 12. h4 $146 ({Vorgänger:} 12. Ne5 b5 13. Qf3 Nc6 14. Qh3 g6 15. Bh6 Re8 16. f4 Ne4 17. O-O Nxe5 18. fxe5 Nxc3 19. Rxf7 {½-½ (41) Cramling,P (2455)-Huss,A (2375) Biel 1987}) 12... Re8 13. Ne5 Nbd7 14. g4 Nxe5 15. Bxe5 Nd7 16. Bg3 b5 17. g5 Nf8 18. f4 Bc6 19. Kf2 a5 20. Ne2 (20. f5 $11) 20... b4 21. axb4 axb4 ({Viel schwächer ist} 21... Bxb4 22. f5 $17) ({Günstiger ist} 21... a4 $15 22. b5 Bxb5) 22. Ng1 Bd7 23. f5 f6 24. Qf3 Ra5 25. Nh3 Qc8 (25... b3 $11) 26. h5 $1 $16 {[%cal Bh4h5,Bh5h6][%mdl 32]} fxg5 {[#] zielt auf ...h6 ab.} 27. h6 $1 {[%cal Rh6g7][%mdl 512] Und weiter mit hxg7 wäre nett.} g4 (27... gxh6 28. Kg2) 28. Qxg4 {[%csl Gh6][%cal Rg4g7]} g6 {[%cal Rd7f5]} 29. Qf4 $2 (29. Rhg1 $1 $16 {bleibt auf Kurs.}) 29... Bxf5 $17 30. Qe5 (30. Bxf5 $15 Qxf5 31. Qxf5 gxf5 32. Nf4) 30... Ne6 $19 {[%cal Bf8e6,Be6c5,Bc5d3][%mdl 32]} 31. Rxc4 $2 (31. Nf4 Rf8 32. Kg1) 31... dxc4 32. Qxa5 Bxb1 (32... Qb7 $142 33. e4 Bxe4 34. Bxe4 Qxe4) 33. Rxb1 Nc5 34. Kg2 $2 (34. Qb5 $17 Ne4+ 35. Kg1) 34... Qb7+ 35. Kh2 $2 {[#]} (35. Kg1 {einziger Zug.} Qf3 36. Bf4) 35... Ra8 $1 {[%cal Ra8a5]} 36. Qc7 Qxc7 37. Bxc7 Nd3 38. Nf4 Nxf4 39. Bxf4 {[%mdl 4096] Endspiel KTL-KTL} Ra2 (39... g5 $19 40. Rg1 Ra5) 40. Kg3 {[#]} c3 $2 (40... g5 $1 $19 {[%cal Rg5f4]} 41. Be5 c3) 41. bxc3 $11 bxc3 {Weiss muss nun ...g5 beachten.} 42. e4 g5 43. Be3 Bd6+ 44. Kg4 {Und e5 würde nun gewinnen.} Re2 45. Rb6 {Precision: Weiß = 30%, Schwarz = 57%.} 1/2-1/2

[Event "Runavik Open 2018"]
[Site "Runavik"]
[Date "2018.11.14"]
[Round "3"]
[White "Fjallheim, Leif Reinert"]
[Black "Olsen, Kaj"]
[Result "1/2-1/2"]
[WhiteElo "1919"]
[BlackElo "1718"]
[Annotator "NA RC"]
[PlyCount "124"]
[EventDate "2018.11.12"]
[EventType "swiss"]
[EventCountry "FAI"]
[SourceTitle "playchess.com"]
[Source "ChessBase"]
[SourceQuality "1"]
[TimeControl "40/5400+30:900+30"]

1. e4 {[%emt 0:00:00]} e5 {[%emt 0:00:26]} 2. Bc4 {[%emt 0:00:45]} Nf6 {[%emt 0:00:58]} 3. d3 {[%emt 0:00:37]} Be7 {[%emt 0:03:37]} 4. Nf3 {[%emt 0:01:31]} d6 {[%emt 0:00:18]} 5. c3 {[%emt 0:02:38]} c5 {[%emt 0:01:28] C41: Philidor Defence} 6. Nbd2 {[%emt 0:03:03]} Nc6 {[%emt 0:00:50]} 7. Nf1 {[%emt 0:03:35]} a6 {[%emt 0:04:36]} 8. a4 $146 {[%emt 0:02:29]} ({Predecessor:} 8. Ng3 Na5 9. O-O b5 10. Bb3 Nxb3 11. axb3 Bb7 12. Nf5 O-O {1-0 (55) Kislinsky,A (2551)-Sanak,F (1940) Stare Mesto 2012}) 8... O-O {[%emt 0:03:02]} 9. Ne3 {[%emt 0:02:46]} Be6 {[%emt 0:01:09]} 10. Bb3 {[%emt 0:09:48]} h6 {[%emt 0:07:21]} 11. Bc2 {[%emt 0:04:32]} d5 {[%emt 0:02:26]} 12. O-O {[%emt 0:03:01]} dxe4 {[%emt 0:05:51]} 13. dxe4 {[%emt 0:00:09]} Qxd1 {[%emt 0:00:48]} 14. Rxd1 {[%emt 0:00:10]} Rfd8 {[%emt 0:01:14]} 15. Re1 {[%emt 0:04:29]} g6 {[%emt 0:06:19]} 16. b3 {[%emt 0:03:24]} b5 {[%emt 0:03:15]} 17. Nd5 {[%emt 0:07:44]} Nxd5 {[%emt 0:03:46]} 18. exd5 {[%emt 0:00:11]} Bxd5 {[%emt 0:00:32]} 19. axb5 {[%emt 0:02:14]} axb5 {[%emt 0:01:23]} 20. Rxa8 {[%emt 0:04:03]} Rxa8 {[%emt 0:00:48]} 21. Nxe5 {[%emt 0:01:53]} Nxe5 {[%emt 0:02:04]} 22. Rxe5 {[%emt 0:00:19]} Ra1 {[%emt 0:00:18]} 23. Re1 {[%emt 0:03:01]} Bf6 {[%emt 0:04:09]} 24. Rf1 {[%emt 0:24:11]} h5 {[%emt 0:07:32]} 25. Be3 {[%emt 0:02:27]} Rxf1+ {[%emt 0:00:09]} 26. Kxf1 {[%emt 0:00:03]} c4 {[%emt 0:00:11]} 27. bxc4 {[%emt 0:02:19]} Bxc4+ {[%emt 0:00:09]} 28. Ke1 {[%emt 0:00:05]} Bxc3+ {[%emt 0:00:39]} 29. Bd2 {[%emt 0:02:50]} Bxd2+ {[%emt 0:01:45]} 30. Kxd2 {[%emt 0:00:02]} Kg7 {[%emt 0:00:18]} 31. Kc3 {[%emt 0:02:56]} Kf6 {[%emt 0:01:42]} 32. f4 {[%emt 0:02:43]} g5 {[%emt 0:06:48]} 33. fxg5+ {[%emt 0:01:46]} Kxg5 {[%emt 0:00:12]} 34. Bd1 {[%emt 0:00:27]} h4 {[%emt 0:00:50]} 35. Bf3 {[%emt 0:00:56]} Kf4 {[%emt 0:01:02]} 36. Kd4 {[%emt 0:01:10]} h3 {[%emt 0:03:04]} 37. Bc6 {[%emt 0:00:37]} hxg2 {[%emt 0:01:06]} 38. Bxg2 {[%emt 0:00:02]} Kg4 {[%emt 0:00:47]} 39. Ke5 {[%emt 0:04:02]} b4 {[%emt 0:03:17]} 40. Be4 {[%emt 0:00:00]} Kh3 {[%emt 0:00:00]} 41. Kd4 {[%emt 0:03:19]} Be6 {[%emt 0:01:12]} 42. Kc5 {[%emt 0:00:52]} b3 {[%emt 0:00:44]} 43. Kb4 {[%emt 0:03:43]} Kxh2 {[%emt 0:02:05]} 44. Kc3 {[%emt 0:00:19]} Kg3 {[%emt 0:00:11]} 45. Kb2 {[%emt 0:00:14]} Kf4 {[%emt 0:00:10]} 46. Bb1 {[%emt 0:00:06]} Ke5 {[%emt 0:00:30]} 47. Bd3 {[%emt 0:00:16]} f5 {[%emt 0:00:16]} 48. Kc3 {[%emt 0:00:11]} f4 {[%emt 0:00:26]} 49. Bf1 {[%emt 0:00:23]} Ke4 {[%emt 0:00:08]} 50. Bg2+ {[%emt 0:00:44]} f3 {[%emt 0:00:21]} 51. Bf1 {[%emt 0:00:07]} Ke3 {[%emt 0:00:14]} 52. Bb5 {[%emt 0:00:15]} f2 {[%emt 0:00:19]} 53. Bf1 {[%emt 0:00:10]} Kf3 {[%emt 0:00:11]} 54. Kd2 {[%emt 0:01:46]} Kg3 {[%emt 0:01:58]} 55. Kc3 {[%emt 0:01:19]} Kh2 {[%emt 0:00:12]} 56. Kd2 {[%emt 0:00:32]} Kg1 {[%emt 0:00:08]} 57. Bd3 {[%emt 0:00:08]} f1=Q {[%emt 0:00:11]} 58. Bxf1 {[%emt 0:00:07]} Kxf1 {[%emt 0:00:05]} 59. Kc3 {[%emt 0:00:07]} Ke2 {[%emt 0:00:07]} 60. Kb2 {[%emt 0:00:07]} Kd2 {[%emt 0:00:15]} 61. Ka1 {[%emt 0:00:22]} Kc3 {[%emt 0:00:11]} 62. Kb1 {[%emt 0:00:05]} b2 {[%emt 0:00:07]} 1/2-1/2

[Event "Runavik Open 2018"]
[Site "Runavik"]
[Date "2018.11.14"]
[Round "3"]
[White "Berg, Margar M."]
[Black "Nielsen, Jon I Horni"]
[Result "0-1"]
[WhiteElo "1852"]
[BlackElo "1710"]
[Annotator "NA RC"]
[PlyCount "70"]
[EventDate "2018.11.12"]
[EventType "swiss"]
[EventCountry "FAI"]
[SourceTitle "playchess.com"]
[Source "ChessBase"]
[SourceQuality "1"]
[TimeControl "40/5400+30:900+30"]

1. d4 {[%emt 0:00:00]} d5 {[%emt 0:01:13]} 2. Bg5 {[%emt 0:00:00]} Nf6 {[%emt 0:02:35]} 3. e3 {[%emt 0:00:39]} c6 {[%emt 0:02:31]} 4. Bxf6 {[%emt 0:00:48]} exf6 {[%emt 0:02:04]} 5. Bd3 {[%emt 0:04:43]} Be6 {[%emt 0:05:06]} 6. Nf3 {[%emt 0:00:55]} Nd7 {[%emt 0:03:40]} 7. O-O {[%emt 0:00:29]} g6 {[%emt 0:02:30]} 8. Nc3 {[%emt 0:02:29]} f5 {[%emt 0:04:59]} 9. Ne2 {[%emt 0:01:57]} Bg7 {[%emt 0:01:53]} 10. Nf4 {[%emt 0:02:21]} O-O {[%emt 0:05:50]} 11. h4 {[%emt 0:02:11]} Bf6 {[%emt 0:02:11]} 12. h5 {[%emt 0:06:18]} g5 {[%emt 0:03:43]} 13. Ne2 {[%emt 0:03:27]} g4 {[%emt 0:03:24]} 14. Nd2 {[%emt 0:00:30]} Bh4 {[%emt 0:02:37]} 15. c4 {[%emt 0:00:31]} Nf6 {[%emt 0:04:28]} 16. cxd5 {[%emt 0:00:26]} cxd5 {[%emt 0:01:05]} 17. Nf4 {[%emt 0:01:18]} Bg5 {[%emt 0:02:35]} 18. f3 {[%emt 0:01:42]} Bxf4 {[%emt 0:00:17]} 19. exf4 {[%emt 0:00:12]} g3 {[%emt 0:01:14]} 20. Re1 {[%emt 0:05:07]} Nxh5 {[%emt 0:02:10]} 21. Nf1 {[%emt 0:00:50]} Qh4 {[%emt 0:02:18]} 22. Qd2 {[%emt 0:05:35]} Nxf4 {[%emt 0:06:04]} 23. Re5 {[%emt 0:09:32]} Ng6 {[%emt 0:02:14]} 24. Rxf5 {[%emt 0:06:30]} Qxd4+ {[%emt 0:01:54]} 25. Qe3 {[%emt 0:00:16]} Qxe3+ {[%emt 0:00:39]} 26. Nxe3 {[%emt 0:00:15]} Bxf5 {[%emt 0:00:34]} 27. Nxf5 {[%emt 0:00:21]} Nf4 {[%emt 0:01:43]} 28. Rd1 {[%emt 0:00:25]} Nxd3 {[%emt 0:03:03]} 29. Rxd3 {[%emt 0:01:10]} Rae8 {[%emt 0:00:37]} 30. Nxg3 {[%emt 0:00:12]} Kh8 {[%emt 0:02:40]} 31. Rxd5 {[%emt 0:00:15]} Rg8 {[%emt 0:01:02]} 32. Ne4 {[%emt 0:00:36]} Rc8 {[%emt 0:00:33]} 33. Rd7 {[%emt 0:05:24]} Rc2 {[%emt 0:02:39]} 34. g4 {[%emt 0:00:36]} Rxb2 {[%emt 0:01:07]} 35. Rxf7 {[%emt 0:00:12]} Rc8 {[%emt 0:00:33]} 0-1

[Event "Runavik Open 2018"]
[Site "Runavik"]
[Date "2018.11.14"]
[Round "3"]
[White "Schadd, Jan"]
[Black "Nielsen, Suni I Horni"]
[Result "1-0"]
[WhiteElo "1842"]
[BlackElo "1563"]
[Annotator "NA RC"]
[PlyCount "69"]
[EventDate "2018.11.12"]
[EventType "swiss"]
[EventCountry "FAI"]
[SourceTitle "playchess.com"]
[Source "ChessBase"]
[SourceQuality "1"]
[TimeControl "40/5400+30:900+30"]

1. Nf3 {[%emt 0:00:00]} Nc6 {[%emt 0:01:12]} 2. d4 {[%emt 0:00:00]} d5 {[%emt 0:01:18]} 3. c4 {[%emt 0:00:46]} e6 {[%emt 0:01:34]} 4. Nc3 {[%emt 0:01:30]} h6 {[%emt 0:01:48]} 5. g3 {[%emt 0:08:19]} Nf6 {[%emt 0:04:15]} 6. Bg2 {[%emt 0:00:31]} Bd6 {[%emt 0:05:10]} 7. O-O {[%emt 0:01:26]} b6 {[%emt 0:02:14]} 8. cxd5 {[%emt 0:15:21]} exd5 {[%emt 0:00:27]} 9. Qa4 {[%emt 0:06:27]} Bd7 {[%emt 0:01:25]} 10. Nb5 {[%emt 0:03:40]} Be7 {[%emt 0:01:58]} 11. Bf4 {[%emt 0:02:41]} Rc8 {[%emt 0:03:06]} 12. Nxa7 {[%emt 0:07:32]} Nxa7 {[%emt 0:00:14]} 13. Qxa7 {[%emt 0:00:09]} Bb5 {[%emt 0:06:24]} 14. Rfc1 {[%emt 0:03:57]} c6 {[%emt 0:03:27]} 15. Qb7 {[%emt 0:02:50]} Nh5 {[%emt 0:03:11]} 16. a4 {[%emt 0:03:05]} Nxf4 {[%emt 0:00:18]} 17. axb5 {[%emt 0:00:12]} Nxe2+ {[%emt 0:00:13]} 18. Kf1 {[%emt 0:00:21]} Nxc1 {[%emt 0:01:20]} 19. Rxc1 {[%emt 0:00:17]} c5 {[%emt 0:01:06]} 20. dxc5 {[%emt 0:00:20]} bxc5 {[%emt 0:01:17]} 21. Ne5 {[%emt 0:02:07]} f6 {[%emt 0:09:56]} 22. Ng6 {[%emt 0:07:06]} Rc7 {[%emt 0:02:42]} 23. Qxd5 {[%emt 0:01:06]} Rd7 {[%emt 0:00:05]} 24. Qh5 {[%emt 0:01:23]} Qb8 {[%emt 0:03:53]} 25. Bc6 {[%emt 0:03:23]} Kd8 {[%emt 0:01:15]} 26. Nxh8 {[%emt 0:01:06]} Rd4 {[%emt 0:00:12]} 27. Qe8+ {[%emt 0:01:23]} Kc7 {[%emt 0:00:13]} 28. Qxb8+ {[%emt 0:00:13]} Kxb8 {[%emt 0:00:27]} 29. Ng6 {[%emt 0:01:07]} Bd6 {[%emt 0:00:02]} 30. Ke2 {[%emt 0:00:47]} Kc7 {[%emt 0:00:46]} 31. f4 {[%emt 0:00:47]} Rb4 {[%emt 0:00:30]} 32. Rc2 {[%emt 0:00:23]} Ra4 {[%emt 0:00:33]} 33. Rd2 {[%emt 0:02:14]} Ra1 {[%emt 0:00:37]} 34. Nh4 {[%emt 0:00:42]} Rh1 {[%emt 0:00:33]} 35. Bxh1 {[%emt 0:00:10]} 1-0

[Event "Runavik Open 2018"]
[Site "Runavik"]
[Date "2018.11.14"]
[Round "3"]
[White "Pinheiro Diamant, Jonatan"]
[Black "Nielsen, Rogvi Egilstoft"]
[Result "0-1"]
[WhiteElo "1789"]
[BlackElo "2339"]
[Annotator "TA"]
[PlyCount "114"]
[EventDate "2018.11.12"]
[EventType "swiss"]
[EventCountry "FAI"]
[SourceTitle "playchess.com"]
[Source "ChessBase"]
[SourceQuality "1"]

{[%evp 12,114,36,26,41,22,47,40,64,31,41,3,12,0,1,0,66,76,65,67,59,62,56,60,60,29,34,23,38,27,145,25,39,18,8,0,0,0,0,0,15,-24,-32,-133,-147,-158,-157,-170,-166,-160,-157,-152,-116,-116,-125,-104,-127,-212,-179,-184,-184,-184,-181,-212,-212,-200,-182,-407,-381,-381,-381,-381,-379,-2047,-1960,-2328,-1049,-2207,-1502,-11388,-6747,-12799,-9741,-12799,-12694,-7066,0,-6707,-6496,-6041,-6041,-5830,-5718,-5718,-5818,-5834,-4975,-2227,-1944,-29988,-29989,-29992,-29991,-29993,-29994]} 1. e4 e5 2. Nf3 Nc6 3. Bb5 a6 4. Ba4 Bc5 5. O-O b5 6. Bb3 d6 7. c3 {LiveBook: 27 Games} Ba7 {C70: Ruy Lopez: 3...a6 4 Ba4, Norwegian and Delayed Schliemann} (7... Bb7 8. d4 Bb6 9. Ng5 Nh6 10. Qh5 Qf6 11. Nf3 Qg6 12. Qh4 exd4 13. Bd5 dxc3 14. Nxc3 Ng4 15. Bxf7+ Qxf7 16. Qxg4 {0-1 (40) Cicak,S (2572)-Malmstig,E (2291) Sweden 2012}) 8. h3 h6 $146 ({Predecessor:} 8... Nf6 9. Re1 O-O 10. d4 exd4 11. cxd4 Re8 12. d5 Ne7 13. Bg5 Ng6 14. a4 {1-0 (29) Magalhaes,S (1883)-Alencar,K (1800) Fortaleza 2000}) 9. d4 Qf6 {[%cal Re5d4] White is slightly better.} 10. Be3 (10. a4 $5 {[%cal Ra4b5]} b4 11. dxe5 Nxe5 12. Nxe5 (12. cxb4 Nxf3+ 13. Qxf3 Qxf3 $11) 12... Qxe5 13. cxb4 $14) 10... Nge7 11. dxe5 dxe5 12. Bxa7 Nxa7 13. c4 g5 (13... Ng6 $11) 14. Nc3 $14 {Nd5 is the strong threat.} c6 15. Nh2 h5 16. Qf3 Qxf3 17. Nxf3 f6 18. cxb5 Nxb5 19. Rfd1 Ng6 20. Nxb5 cxb5 {[#]} (20... axb5 $11 21. Rd6 Ke7 22. Rxc6 Bd7) 21. Rd6 (21. Rac1 $1 $16) 21... Ke7 $1 $11 {[%cal Re7d6]} 22. Rad1 {Threatens to win with Nxg5.} g4 $132 {[%mdl 2048] Black is fighting back} 23. Ng5 {aiming for Nf7.} Nf4 $1 24. Nf7 Rf8 25. Rc6 {White wants to mate with Rc7+.} Ra7 26. Kh2 Bd7 27. Rb6 ({Better is} 27. Rcd6 $15) 27... Rxf7 $17 28. Bxf7 Kxf7 29. Rdd6 Ne6 ({Don't do} 29... gxh3 30. Rxf6+ Ke7 31. g3 $15) 30. hxg4 hxg4 31. Rxa6 Rxa6 32. Rxa6 {[#]} Ng5 $1 33. b3 Nxe4 34. Kg1 (34. a4 $17) 34... Nc3 35. Kf1 f5 36. Ke1 f4 37. Kd2 Ne4+ 38. Ke2 Ke7 39. a4 $2 (39. Ke1) 39... Nc5 40. Ra7 bxa4 41. bxa4 Nxa4 42. g3 $2 (42. Ke1) 42... fxg3 $19 43. fxg3 Ke6 (43... Kd6 $142 44. Ra8 Nc3+ 45. Kd3 Nd5) 44. Ke3 Bc6 45. Rg7 Bf3 46. Rg8 Nb2 47. Re8+ Kd6 48. Rd8+ Ke6 49. Re8+ Kf6 50. Rf8+ Ke7 51. Rg8 Nd1+ 52. Kd2 e4 {[%cal Be5e4,Be4e3][%mdl 32]} 53. Ke1 e3 54. Rg7+ Ke6 {( -> ...Nb2)} 55. Rg5 Nb2 {Black mates.} 56. Rg6+ Ke5 57. Rg5+ Ke4 {Precision: White = 34%, Black = 69%.} 0-1

[Event "Runavik Open 2018"]
[Site "Runavik"]
[Date "2018.11.14"]
[Round "3"]
[White "Apol, Luitjen Akselsson"]
[Black "Jacobsen, Heidrikur T."]
[Result "0-1"]
[WhiteElo "1735"]
[BlackElo "1935"]
[Annotator "NA RC"]
[PlyCount "136"]
[EventDate "2018.11.12"]
[EventType "swiss"]
[EventCountry "FAI"]
[SourceTitle "playchess.com"]
[Source "ChessBase"]
[SourceQuality "1"]
[TimeControl "40/5400+30:900+30"]

1. e4 {[%emt 0:00:00]} d6 {[%emt 0:00:00]} 2. d4 {[%emt 0:00:25]} g6 {[%emt 0:00:00]} 3. Nc3 {[%emt 0:00:37]} Bg7 {[%emt 0:00:00]} 4. Bg5 {[%emt 0:00:58]} c6 {[%emt 0:03:24]} 5. Qd2 {[%emt 0:02:26]} h6 {[%emt 0:02:27]} 6. Bf4 {[%emt 0:00:19]} Nf6 {[%emt 0:06:15]} 7. O-O-O {[%emt 0:01:39] B07: Pirc Defence: Miscellaneous Systems} b5 {[%emt 0:03:47] LiveBook: 5 Games} 8. e5 {[%emt 0:09:37]} b4 {[%emt 0:10:24]} 9. Nb1 $146 {[%emt 0:03:37]} ({Predecessor:} 9. exf6 bxc3 10. Qxc3 Bxf6 11. Nf3 Bg7 12. h4 Be6 13. Bc4 Bxc4 14. Qxc4 O-O {1-0 (50) Vallejo Pons,F (2684)-Onischuk,V (2612) Berlin 2015}) 9... dxe5 {[%emt 0:01:39]} 10. Bxe5 {[%emt 0:13:59]} a5 {[%emt 0:01:52]} 11. Bc4 {[%emt 0:04:39]} Nbd7 {[%emt 0:04:16]} 12. c3 {[%emt 0:04:29]} Nxe5 {[%emt 0:10:47]} 13. dxe5 {[%emt 0:00:17]} Qxd2+ {[%emt 0:00:09]} 14. Rxd2 {[%emt 0:00:07]} Ne4 {[%emt 0:01:15]} 15. Re2 {[%emt 0:01:04]} Nc5 {[%emt 0:00:04]} 16. Nf3 {[%emt 0:06:34]} Bg4 {[%emt 0:09:45]} 17. cxb4 {[%emt 0:02:12]} axb4 {[%emt 0:03:11]} 18. Nbd2 {[%emt 0:00:27]} Be6 {[%emt 0:03:43]} 19. Bxe6 {[%emt 0:02:48]} Nxe6 {[%emt 0:00:06]} 20. Kb1 {[%emt 0:00:09]} O-O-O {[%emt 0:01:26]} 21. Rc1 {[%emt 0:03:57]} Kb7 {[%emt 0:00:36]} 22. Nb3 {[%emt 0:05:18]} Rd5 {[%emt 0:02:55]} 23. Re4 {[%emt 0:02:40]} c5 {[%emt 0:01:31]} 24. a3 {[%emt 0:05:13]} bxa3 {[%emt 0:00:55]} 25. bxa3 {[%emt 0:00:11]} Rhd8 {[%emt 0:01:25]} 26. Kb2 {[%emt 0:10:26]} Kb6 {[%emt 0:01:20]} 27. a4 {[%emt 0:03:02]} Ng5 {[%emt 0:05:23]} 28. Nxg5 {[%emt 0:01:33]} hxg5 {[%emt 0:00:10]} 29. Rce1 {[%emt 0:00:25]} Rxe5 {[%emt 0:01:47]} 30. Rxe5 {[%emt 0:01:18]} Rd5 {[%emt 0:00:09]} 31. Kc3 {[%emt 0:00:30]} Bxe5+ {[%emt 0:05:17]} 32. Kc4 {[%emt 0:00:13]} e6 {[%emt 0:00:26]} 33. a5+ {[%emt 0:01:08]} Kc6 {[%emt 0:00:51]} 34. a6 {[%emt 0:01:35]} Bd4 {[%emt 0:02:57]} 35. Na5+ {[%emt 0:03:01]} Kb6 {[%emt 0:01:10]} 36. a7 {[%emt 0:01:04]} Kxa7 {[%emt 0:00:07]} 37. Nc6+ {[%emt 0:00:33]} Kb6 {[%emt 0:00:21]} 38. Nxd4 {[%emt 0:00:45]} Rxd4+ {[%emt 0:00:51]} 39. Kc3 {[%emt 0:00:11]} Kc6 {[%emt 0:00:20]} 40. Re5 {[%emt 0:00:00]} Rd5 {[%emt 0:00:00]} 41. Re2 {[%emt 0:01:53]} Kd6 {[%emt 0:03:25]} 42. f3 {[%emt 0:03:15]} Rd4 {[%emt 0:01:35]} 43. g3 {[%emt 0:00:24]} Kd5 {[%emt 0:00:21]} 44. Ra2 {[%emt 0:00:43]} Rc4+ {[%emt 0:01:51]} 45. Kd3 {[%emt 0:00:15]} Rb4 {[%emt 0:00:20]} 46. Kc3 {[%emt 0:01:05]} e5 {[%emt 0:01:26]} 47. Ra7 {[%emt 0:01:56]} f5 {[%emt 0:00:25]} 48. Ra6 {[%emt 0:00:13]} g4 {[%emt 0:00:12]} 49. fxg4 {[%emt 0:01:43]} Rxg4 {[%emt 0:00:16]} 50. Kd3 {[%emt 0:02:00]} g5 {[%emt 0:01:16]} 51. Ra8 {[%emt 0:01:50]} Rd4+ {[%emt 0:00:10]} 52. Ke3 {[%emt 0:00:33]} f4+ {[%emt 0:02:01]} 53. gxf4 {[%emt 0:00:07]} gxf4+ $19 {[%emt 0:00:45]} 54. Kf3 {[%emt 0:00:07]} Rd3+ {[%emt 0:00:07]} 55. Kg4 {[%emt 0:00:17]} c4 {[%emt 0:00:46]} 56. h4 {[%emt 0:00:43]} Ke4 {[%emt 0:01:35]} 57. h5 {[%emt 0:01:52]} Rg3+ {[%emt 0:00:07]} 58. Kh4 {[%emt 0:00:05]} c3 {[%emt 0:00:40]} 59. Rc8 {[%emt 0:00:10]} Kd3 {[%emt 0:00:50]} 60. Rd8+ {[%emt 0:00:08]} Ke2 {[%emt 0:00:35]} 61. Rc8 {[%emt 0:00:26]} Kd2 {[%emt 0:00:07]} 62. h6 {[%emt 0:00:51]} Rg1 {[%emt 0:00:19]} 63. Rd8+ {[%emt 0:00:25]} Kc1 {[%emt 0:00:30]} 64. Kh5 {[%emt 0:00:18]} c2 {[%emt 0:00:17]} 65. h7 {[%emt 0:00:15]} Kb2 {[%emt 0:01:46]} 66. Rb8+ {[%emt 0:00:11]} Kc3 {[%emt 0:00:15]} 67. Rc8+ {[%emt 0:00:10]} Kd2 {[%emt 0:00:20]} 68. Rd8+ {[%emt 0:00:17]} Ke3 {[%emt 0:00:18]} 0-1

[Event "Runavik Open 2018"]
[Site "Runavik"]
[Date "2018.11.14"]
[Round "3"]
[White "Fjallheim, Benjamin Reinert"]
[Black "Markensten, Max"]
[Result "0-1"]
[WhiteElo "1340"]
[BlackElo "1660"]
[Annotator "NA RC"]
[PlyCount "42"]
[EventDate "2018.11.12"]
[EventType "swiss"]
[EventCountry "FAI"]
[SourceTitle "playchess.com"]
[Source "ChessBase"]
[SourceQuality "1"]
[TimeControl "40/5400+30:900+30"]

1. e4 {[%emt 0:00:00]} c5 {[%emt 0:00:00]} 2. Nf3 {[%emt 0:00:00]} g6 {[%emt 0:00:00]} 3. d4 {[%emt 0:00:01]} cxd4 {[%emt 0:00:00]} 4. Nxd4 {[%emt 0:00:16]} Bg7 {[%emt 0:00:05]} 5. Nc3 {[%emt 0:00:33]} Nc6 {[%emt 0:00:12]} 6. Be3 {[%emt 0:01:01]} Nf6 {[%emt 0:00:09]} 7. f3 {[%emt 0:00:29]} O-O {[%emt 0:06:43]} 8. Qd2 {[%emt 0:00:43]} d5 {[%emt 0:01:20]} 9. O-O-O {[%emt 0:01:51]} dxe4 {[%emt 0:02:20]} 10. fxe4 {[%emt 0:08:54]} Nxd4 {[%emt 0:11:47]} 11. Bxd4 {[%emt 0:02:53]} Be6 {[%emt 0:05:59]} 12. Be2 {[%emt 0:03:10]} Qa5 {[%emt 0:04:05]} 13. Kb1 {[%emt 0:01:10]} Nxe4 {[%emt 0:09:18]} 14. Qf4 {[%emt 0:02:14]} Nxc3+ {[%emt 0:00:35]} 15. Bxc3 {[%emt 0:00:55]} Qxa2+ {[%emt 0:02:24]} 16. Kc1 {[%emt 0:00:27]} Bxc3 {[%emt 0:03:16]} 17. bxc3 {[%emt 0:00:27]} Rac8 {[%emt 0:00:46]} 18. Bd3 {[%emt 0:02:29]} Rxc3 {[%emt 0:01:27]} 19. Qb4 {[%emt 0:01:14]} Rfc8 {[%emt 0:02:12]} 20. Qe4 {[%emt 0:01:10]} Bf5 {[%emt 0:02:19]} 21. Qd5 {[%emt 0:02:51]} Rxc2+ {[%emt 0:00:20]} 0-1